| 000 | 00750cam a2200217 4500 | ||
|---|---|---|---|
| 001 | X113088 | ||
| 008 | 000000n2001 000 0 eng u | ||
| 035 | _a(Sirsi) u113088 | ||
| 100 | _aSmith, J. | ||
| 245 | _aKey trends in mortgage lending 1985-2000 : results from the survey of mortgage lenders | ||
| 260 | _c2001 | ||
| 490 |
_aHousing Finance _v(50) May 2001, 16-23(8) |
||
| 520 | _aDraws on statistical data from the "Survey of mortgage lenders" to reveal key characteristics of mortgage lending and borrowing between 1985 and 2000. Graphs, tables. | ||
| 650 | _aCML | ||
| 650 | _aCOUNCIL OF MORTGAGE LENDERS | ||
| 650 | _aMORTGAGE LENDING | ||
| 650 | _aMORTGAGES | ||
| 650 | _aSTATISTICS | ||
| 690 | _aHOUSING-FINANCE | ||
| 942 | _n0 | ||
| 999 |
_c67322 _d67322 |
||